Trên mảnh đất đời người

שמור ב:
מידע ביבליוגרפי
מחבר ראשי: Anatoli Ivanov
פורמט: ספר
שפה:Undetermined
יצא לאור: Hà Nội Hội Nhà Văn 2000
נושאים:
תגים: הוספת תג
אין תגיות, היה/י הראשונ/ה לתייג את הרשומה!
Thư viện lưu trữ: Trung tâm Học liệu Trường Đại học Cần Thơ
LEADER 00529nam a2200169Ia 4500
001 CTU_39256
008 210402s9999 xx 000 0 und d
082 |a 891.7 
082 |b I.93 
100 |a Anatoli Ivanov 
245 0 |a Trên mảnh đất đời người 
245 0 |c Anatoli Ivanov, Thái Hà 
260 |a Hà Nội 
260 |b Hội Nhà Văn 
260 |c 2000 
650 |a russian fiction ( vietnamese ),russian literature - 20th century 
980 |a Trung tâm Học liệu Trường Đại học Cần Thơ